<?xml version="1.0" encoding="UTF-8"?>
<record
    xmlns:xsi="http://www.w3.org/2001/XMLSchema-instance"
    xsi:schemaLocation="http://www.loc.gov/MARC21/slim http://www.loc.gov/standards/marcxml/schema/MARC21slim.xsd"
    xmlns="http://www.loc.gov/MARC21/slim">

  <leader>00498nam a2200181Ia 4500</leader>
  <controlfield tag="008">230718s9999    xx            000 0 und d</controlfield>
  <datafield tag="020" ind1=" " ind2=" ">
    <subfield code="a">9780521860291</subfield>
  </datafield>
  <datafield tag="041" ind1=" " ind2=" ">
    <subfield code="a">eng</subfield>
  </datafield>
  <datafield tag="082" ind1=" " ind2=" ">
    <subfield code="a">621.36</subfield>
    <subfield code="b">DAV</subfield>
  </datafield>
  <datafield tag="100" ind1=" " ind2=" ">
    <subfield code="a">Davis C.C.</subfield>
    <subfield code="9">197794</subfield>
  </datafield>
  <datafield tag="245" ind1=" " ind2=" ">
    <subfield code="a">Lasers And Electro-Optics </subfield>
  </datafield>
  <datafield tag="250" ind1=" " ind2=" ">
    <subfield code="a">2nd ed.</subfield>
  </datafield>
  <datafield tag="260" ind1=" " ind2=" ">
    <subfield code="c">2014</subfield>
    <subfield code="b">Cambridge </subfield>
  </datafield>
  <datafield tag="300" ind1=" " ind2=" ">
    <subfield code="a">867</subfield>
    <subfield code="d">Ref 1636 E ME (51350)</subfield>
  </datafield>
  <datafield tag="365" ind1=" " ind2=" ">
    <subfield code="c">Rs.</subfield>
    <subfield code="b">4970.00</subfield>
  </datafield>
  <datafield tag="700" ind1=" " ind2=" ">
    <subfield code="a">Davis C.C.</subfield>
    <subfield code="9">197794</subfield>
  </datafield>
  <datafield tag="906" ind1=" " ind2=" ">
    <subfield code="d">O:0461919-Aug-2015B:176723-May-2015</subfield>
    <subfield code="c">ME ETC</subfield>
    <subfield code="b">1242.5</subfield>
  </datafield>
  <datafield tag="999" ind1=" " ind2=" ">
    <subfield code="c">340143</subfield>
    <subfield code="d">340143</subfield>
  </datafield>
  <datafield tag="952" ind1=" " ind2=" ">
    <subfield code="0">0</subfield>
    <subfield code="1">0</subfield>
    <subfield code="2">ddc</subfield>
    <subfield code="3">Ref 1636 E (51350)</subfield>
    <subfield code="4">0</subfield>
    <subfield code="7">3</subfield>
    <subfield code="a">CCEP</subfield>
    <subfield code="b">CCEP</subfield>
    <subfield code="d">2015-08-19</subfield>
    <subfield code="e">Vaibhav Book House</subfield>
    <subfield code="f">ME ETC</subfield>
    <subfield code="g">3727.50</subfield>
    <subfield code="i">1767</subfield>
    <subfield code="o">621.36</subfield>
    <subfield code="p">CCEP-BK-51350</subfield>
    <subfield code="r">2023-07-18 00:00:00</subfield>
    <subfield code="t">1242.5</subfield>
    <subfield code="v">4970.00</subfield>
    <subfield code="w">2015-05-23</subfield>
    <subfield code="y">BK</subfield>
    <subfield code="z">051350</subfield>
  </datafield>
</record>
